Culturismo femenino (Registro nro. 26444)

Detalles MARC
000 -CABECERA
Longitud fija campo de control 00627nam a22002055b 4500
001 - NÚMERO DE CONTROL
Número de control bimo0000271961
003 - IDENTIFICADOR DELl NÚMERO DE CONTROL
Identificador del número de control OSt
005 - FECHA Y HORA DE LA ÚLTIMA TRANSACCIÓN
Fecha y hora de la última transacción 20180321130803.0
008 - CÓDIGOS DE INFORMACIÓN DE LONGITUD FIJA
Códigos de información de longitud fija 921118s1992 sp | |||| ||spa
020 ## - NÚMERO INTERNACIONAL NORMALIZADO PARA LIBROS
Número Internacional Normalizado para Libros (ISBN) 84-315-1097-9
040 ## - FUENTE DE LA CATALOGACIÓN
Centro transcriptor CRI
Centro catalogador de origen BMC
082 ## - NÚMERO DE LA CLASIFICACIÓN DECIMAL DEWEY
Númeroo de clasificación 613.71 CAR cul
100 1# - PUNTO DE ACCESO PRINCIPAL-NOMBRE DE PERSONA
Nombre de persona Carmagnini,Mila
9 (RLIN) 40360
245 13 - MENCIÓN DE TÍTULO
Título Culturismo femenino
Mención de responsabilidad, etc. Carmagnini,Mila
Resto del título : curso completo de body building ilustrado
260 ## - PUBLICACIÓN, DISTRIBUCIÓN, ETC. (PIE DE IMPRENTA)
Lugar de publicación, distribución, etc. Barcelona
Nombre del editor, distribuidor, etc. De Vecchi
Fecha de publicación, distribución, etc. 1995
300 ## - DESCRIPCIÓN FÍSICA
Extensión 158 p.
Otras características físicas il. col. y n.
Dimensiones 23 cm
504 ## - NOTA DE BIBLIOGRAFÍA, ETC
Nota de bibliografía, etc. Bibliografía: p. 207-210
650 #0 - PUNTO DE ACCESO ADICIONAL DE MATERIA - TÉRMINO DE MATERIA
Término de materia o nombre geográfico como elemento inicial Caminar (Ejercicio físico)
9 (RLIN) 18483
942 ## - ENTRADA DE ELEMENTOS AGREGADOS (KOHA)
Fuente de clasificaión o esquema Dewey Decimal Classification
Koha [por defecto] tipo de item 1- Monografias
Parte de clasificación prozim
Existencias
Suprimido Perdido Fuente de clasificación o esquema Estropeado Restricciones de uso No para préstamo Código de colección Localización permanente Localización actual Localización en estanter&íacute;as Fecha adquisición Fuente de adquisición Número de inventario Préstamos totales Signatura completa Código de barras Fecha última consulta Fecha del precio de reemplazo Tipo de item de Koha
NULL NULL Dewey Decimal Classification NULL NULL NULL NULL Biblioteca Centro Regional de Ilobasco Biblioteca Centro Regional de Ilobasco Sala Principal 01/04/2010 UNICAES LI002662   613.71 CAR cul 1039396 04/11/2016 04/11/2016 1- Monografias
NULL NULL Dewey Decimal Classification NULL NULL NULL NULL Biblioteca Centro Regional de Ilobasco Biblioteca Centro Regional de Ilobasco Sala Principal 01/04/2010 UNICAES LI002663   613.71 CAR cul 1039397 04/11/2016 04/11/2016 1- Monografias